<?xml version="1.0" encoding="UTF-8"?>
<collection xmlns:xsi="http://www.w3.org/2001/XMLSchema-instance" xsi:schemaLocation="http://www.loc.gov/MARC21/slim http://www.loc.gov/standards/marcxml/schema/MARC21slim.xsd" xmlns="http://www.loc.gov/MARC21/slim">
 <record>
  <leader>00000cmm a22000004a 4500</leader>
  <controlfield tag="001">UP-8027390931316151826</controlfield>
  <controlfield tag="003">Buklod</controlfield>
  <controlfield tag="005">20080205144918.0</controlfield>
  <controlfield tag="006">a     r    |||| u|</controlfield>
  <controlfield tag="007">ta</controlfield>
  <controlfield tag="008">040707s2003    vau        u        eng d</controlfield>
  <datafield tag="020" ind1=" " ind2=" ">
   <subfield code="a">1565856317</subfield>
  </datafield>
  <datafield tag="040" ind1=" " ind2=" ">
   <subfield code="a">DLC</subfield>
   <subfield code="b">eng</subfield>
   <subfield code="c">DLC</subfield>
   <subfield code="d">CaOONL</subfield>
  </datafield>
  <datafield tag="042" ind1=" " ind2=" ">
   <subfield code="a">pcc</subfield>
  </datafield>
  <datafield tag="050" ind1="0" ind2="0">
   <subfield code="a">DK 43 S74 2003</subfield>
  </datafield>
  <datafield tag="090" ind1=" " ind2="0">
   <subfield code="a">DK 43</subfield>
   <subfield code="b">H57 2006</subfield>
  </datafield>
  <datafield tag="100" ind1="1" ind2=" ">
   <subfield code="a">Steinberg, Mark D.</subfield>
   <subfield code="d">1953-</subfield>
  </datafield>
  <datafield tag="245" ind1="1" ind2="2">
   <subfield code="a">A history of Russia</subfield>
   <subfield code="h">[sound recording]</subfield>
   <subfield code="b">from Peter the Great to Gorbachev</subfield>
   <subfield code="c">Mark Steinberg.</subfield>
  </datafield>
  <datafield tag="264" ind1=" " ind2="1">
   <subfield code="a">Chantilly, VA</subfield>
   <subfield code="b">Teaching Co.</subfield>
   <subfield code="c">[2003]</subfield>
  </datafield>
  <datafield tag="300" ind1=" " ind2=" ">
   <subfield code="a">18 sound cassettes</subfield>
   <subfield code="b">analog, Dolby processed +</subfield>
   <subfield code="e">3 course guidebooks (22 cm.)</subfield>
  </datafield>
  <datafield tag="490" ind1="1" ind2=" ">
   <subfield code="a">The great courses</subfield>
  </datafield>
  <datafield tag="500" ind1=" " ind2=" ">
   <subfield code="a">In 3 containers (26 cm.).</subfield>
  </datafield>
  <datafield tag="500" ind1=" " ind2=" ">
   <subfield code="a">Teaching Co.: 8381--8383.</subfield>
  </datafield>
  <datafield tag="505" ind1="0" ind2=" ">
   <subfield code="a">Part I. Lecture 1. Understanding the Russian past ; Lecture 2. The Russia of Peter the Great's childhood ; Lecture 3. Peter the Great's revolution ; Lecture 4. The age of empresses, Catherine the Great ; Lecture 5. Social rebellion, The Purgachev uprising ; Lecture 6. Moral rebellion, Nikolai Novikov ; Lecture 7. Alexander I, Imagining reform ; Lecture 8. The Decembrist rebellion ; Lecture 9. Nicholas I, Orthodoxy, autocracy, nationality ; Lecture 10. Alexander Pushkin, Russia's national poet ; Lecture 11. The birth of the intelligentsia ; Lecture 12. Westernizers, Vissarion Belinskii -- Part II. Lecture 13. Alexander II and the great reforms ; Lecture 14. &quot;Nihilists&quot; ; Lecture 15. Populists and Marxists ; Lecture 16. Paths to revolution, Lenin and Martov ; Lecture 17. Lev Tolstoy ; Lecture 18. The reign of Alexander III ; Lecture 19. Nicholas II, the last tsar ; Lecture 20. The revolution of 1905 ; Lecture 21. Peasant life and culture ; Lecture 22. The modern city and its discontents ; Lecture 23. Fin-de-si·ecle culture, Decadence and iconoclasm ; Lecture 24. Fin-de-si·ecle culture, The religious renaissance -- Part III. Lecture 25. War and revolution ; Lecture 26. Democratic Russia, 1917 ; Lecture 27. Bolsheviks in power ; Lecture 28. Civil war ; Lecture 29. Paths to socialism, the 1920s ; Lecture 30. Joseph Stalin ; Lecture 31. Stalin's revolution ; Lecture 32. Joy and terror, society and culture in the 1930s ; Lecture 33. The &quot;great patriotic war&quot; ; Lecture 34. The Soviet Union after Stalin ; Lecture 35. Private and public dissidence ; Lecture 36. Mikhail Gorbachev, Perestroika and Glasnost.</subfield>
  </datafield>
  <datafield tag="511" ind1="0" ind2=" ">
   <subfield code="a">Mark Steinberg, lecturer.</subfield>
  </datafield>
  <datafield tag="520" ind1=" " ind2=" ">
   <subfield code="a">Presents thirty-six lectures on the history of Russia by professor Mark Steinberg of the University of Illinois at Urbana-Champaign.</subfield>
  </datafield>
  <datafield tag="651" ind1=" " ind2="0">
   <subfield code="a">Russia</subfield>
   <subfield code="x">History.</subfield>
  </datafield>
  <datafield tag="710" ind1="2" ind2=" ">
   <subfield code="a">Teaching Company.</subfield>
  </datafield>
  <datafield tag="830" ind1=" " ind2="0">
   <subfield code="a">Great courses (Audiocassette)</subfield>
  </datafield>
  <datafield tag="942" ind1=" " ind2=" ">
   <subfield code="a">Electronic Resource</subfield>
  </datafield>
 </record>
</collection>
